02387nab a2200241 4500003000900000005001700009008004100026040001800067072000800085100003300093100002800126245008500154500003100239520083700270520071101107650001701818650002301835650002001858650001601878650001601894773015701910856007802067BR-BrBNA20231004102038.0231004b bl.||||| |||| 00| 0 por d aBR-BrBNAbpor aE51 aFarias, Adélia Oliveira de aNorder, Luiz Antonio C. aA organização política de mulheres assentadas e quilombolas em São Paulo aSummaries (En, Pt);13 ref. aResumo: Este texto analisa a mobilização política de mulheres assentadas e quilombolas em São Paulo e a formação da Omaquesp (Organização de Mulheres Assentadas e Quilombolas do Estado de São Paulo), com destaque para sua atuação no sentido de combater a desigualdade nas relações de gênero e para a formulação de demandas coletivas e propostas de políticas públicas de forma geral para os assentamentos de reforma agrária e áreas quilombolas. A pesquisa mostra que a partir do final dos anos 90, houve uma intensa e significativa participação das mulheres assentadas e quilombolas no Estado de São Paulo e que a realização de encontros estaduais de mulheres destes grupos sociais tem grande relevância no fortalecimento da participação das mulheres rurais na esfera pública aAbstract: This article analyses the woman political organization in land reform settlement and afro descendent communities in São Paulo and the creation of the Omaquesp (Settled and Quilombola Woman Organization in São Paulo). It emphasizes the mobilization against the inequality in gender relations at family level and the claim for a gender focus for the rural development public polices. The research shows that there was a intense and significant political participation of theses segments of rural woman in São Paulo State. Besides, it is argued that the organization of meetings atState level has a expressive relevance to the rural woman empowerment atthe public arena. aMULHER RURAL aASSENTAMENTO RURAL aPOLITICA SOCIAL aQUILOMBOLAS aSÃO PAULO0 09807dAraraquara, SP (Brasil) UNIARA. Nupedor 1994-o2023-436129tRetratos de Assentamentos (Brasil)/x1516-8182gv. 14(2) 2011 p. 151-172wBR2023001905 uhttps://retratosdeassentamentos.com/index.php/retratos/article/view/96/85